The morality of law / (Record no. 4070)
| 000 -LEADER | |
|---|---|
| fixed length control field | 00798cam a2200265 i 4500 |
| 001 - CONTROL NUMBER | |
| control field | 1716966 |
| 003 - CONTROL NUMBER IDENTIFIER | |
| control field | OSt |
| 005 - DATE AND TIME OF LATEST TRANSACTION | |
| control field | 20190228110143.0 |
| 008 - FIXED-LENGTH DATA ELEMENTS--GENERAL INFORMATION | |
| fixed length control field | 771122t19771969ctu b 000 0 eng |
| 010 ## - LIBRARY OF CONGRESS CONTROL NUMBER | |
| LC control number | 72093579 |
| 020 ## - INTERNATIONAL STANDARD BOOK NUMBER | |
| International Standard Book Number | 0300004729. |
| -- | 0300010702 |
| Terms of availability | $3.45 |
| 040 ## - CATALOGING SOURCE | |
| Original cataloging agency | DLC |
| Transcribing agency | DLC |
| Modifying agency | DLC |
| 050 00 - LIBRARY OF CONGRESS CALL NUMBER | |
| Classification number | K230.F84 1977 |
| 082 00 - DEWEY DECIMAL CLASSIFICATION NUMBER | |
| Classification number | 340.1/12 |
| 100 1# - MAIN ENTRY--PERSONAL NAME | |
| Personal name | Fuller, Lon L. |
| Fuller form of name | (Lon Luvois), |
| Dates associated with a name | 1902-1978. |
| 245 14 - TITLE STATEMENT | |
| Title | The morality of law / |
| Statement of responsibility, etc | by Lon L. Fuller. |
| 250 ## - EDITION STATEMENT | |
| Edition statement | Rev. ed. |
| 260 ## - PUBLICATION, DISTRIBUTION, ETC. (IMPRINT) | |
| Place of publication, distribution, etc | New Haven : |
| Name of publisher, distributor, etc | Yale University Press, |
| Date of publication, distribution, etc | 1977, c1969. |
| 300 ## - PHYSICAL DESCRIPTION | |
| Extent | xi, 262 p. ; |
| Dimensions | 21 cm. |
| 440 #0 - SERIES STATEMENT/ADDED ENTRY--TITLE | |
| Title | Storrs lectures on jurisprudence ; |
| Volume number/sequential designation | 1963 |
| 504 ## - BIBLIOGRAPHY, ETC. NOTE | |
| Bibliography, etc | Includes bibliographical references. |
| 650 #0 - SUBJECT ADDED ENTRY--TOPICAL TERM | |
| Topical term or geographic name as entry element | Law and ethics. |
| 906 ## - LOCAL DATA ELEMENT F, LDF (RLIN) | |
| a | 7 |
| b | cbc |
| c | orignew |
| d | 2 |
| e | opcn |
| f | 19 |
| g | y-gencatlg |
| 942 ## - ADDED ENTRY ELEMENTS (KOHA) | |
| Source of classification or shelving scheme | |
| Koha item type | Book |
| Withdrawn status | Lost status | Source of classification or shelving scheme | Damaged status | Not for loan | Home library | Current library | Shelving location | Date acquired | Total Checkouts | Full call number | Barcode | Date last seen | Date checked out | Copy number | Price effective from | Koha item type | Total Renewals |
|---|---|---|---|---|---|---|---|---|---|---|---|---|---|---|---|---|---|
| Riara University Library | Riara University Library | General stack | 28/02/2019 | 7 | K230.F84 1977 | 10155/19 | 09/07/2025 | 21/08/2023 | C.1 | 28/02/2019 | Book | ||||||
| Riara University Library | Riara University Library | General stack | 28/02/2019 | 6 | K230.F84 1977 | 10156/19 | 07/03/2022 | 04/03/2022 | C.2 | 28/02/2019 | Book | 1 |
